00511nam a2200169Ia 450000500170000000800410001702000150005808200130007310000140008624500380010026000490013830000180018750000200020594200060022595200950023199900150032620250116040656.0240331s9999 xx 000 0 und d a9551266080 bMUKa930 aMukarji,A 0aSrilanka :ba dangerous interlude aNew DelhibSterling Publishers Pvt Ltdc2005 aXli, 294 p ., aA short stories cL 001040708LaWERCLbWERCLcSSCd2024-03-31l0o 930 MUKp6384r2024-03-31w2024-03-31yL c4439d4439